|
|
|
|
| LEADER |
02540nam a2200517 a 4500 |
| 001 |
mzk03001085478 |
| 003 |
CZ BrMZK |
| 005 |
20110121125414.0 |
| 007 |
ta |
| 008 |
100921s1646 gw a fr|||||00| ||latod |
| 040 |
|
|
|a BOA001
|b cze
|
| 072 |
|
7 |
|a 094
|x Staré tisky
|2 Konspekt
|9 12
|
| 080 |
|
|
|a (0.068)094
|2 MRF
|
| 100 |
1 |
|
|a Faber, Matthias,
|d 1586-1653
|7 mzk2008453560
|4 aut
|
| 245 |
1 |
0 |
|a Opvs Concionvm Tripartitvm Matthiae Fabri S. Th. Lic. Parochi Neoforensis et Dioecesios Aichstadianae Per Palatinatum Visitatoris, nvnc Societatis Iesv Presbyteri plvribvs in singvla evangelia.
|n [1],
|p Totius Anni Argumentis in structum /
|c Sermo. Reumo. Principi Maximiliano Henrico utriusq; Bavariae Dvci etc. Archiepiscop. Colonien: Mitraq; Hildesien Coadivtori Dedicatum
|
| 246 |
3 |
0 |
|a Totius Anni Argumentis in structum
|
| 250 |
|
|
|a Editio III. Avctior et correctior
|
| 260 |
|
|
|a Coloniae Agrippinae :
|b Apud Ioannem Kinchivm sub Monocerote veteri,
|c 1646
|
| 300 |
|
|
|a [26], 807, [11] s. ;
|c 4°
|
| 500 |
|
|
|a Rukopisné poznámky v textu
|
| 500 |
|
|
|a Výzdoba: Předtitul, mědirytinová alegorická titulní strana (I. Hulsman inuent. ; Loffler Iunior fec.), iniciály, vlysy, viněty, linky z typografických ozdob, text tištěn dvousloupcově
|
| 501 |
|
|
|a Obsahuje: Přívazek Operis Concionvm Tripartiti Svpplementvm ... / Matthias Faber
|
| 510 |
3 |
|
|a VD17
|
| 561 |
|
|
|a Provenience: Conc. D. III. 6.
|
| 561 |
|
|
|a Provenience: FF. Franciscanoris Friburgensis ad S. Martinus
|
| 561 |
|
|
|a Provenience: FF. Min. Friburgi Reform. Prov. Tyrol.
|
| 561 |
|
|
|a Provenience: [razítko] Bibl. Collegii Pragensis S.I. IHS
|
| 561 |
|
|
|a Provenience: [razítko] Bibl. Prag. S.I. ad S. Ign.
|
| 563 |
|
|
|a Pergamenová vazba s nalepeným koženým hřbetem
|
| 655 |
|
7 |
|a staré tisky
|7 fd422076
|2 czenas
|
| 700 |
1 |
|
|a Gemmingen, Bernardus a
|4 pbl
|
| 700 |
1 |
|
|a Hundtbis a Waltrams, Joannes Udalricus
|4 pbl
|
| 700 |
1 |
|
|a Gravenegg, Jacobus
|4 pbl
|
| 700 |
1 |
|
|a Gravenegg, Wolfgangus
|4 pbl
|
| 700 |
1 |
|
|a Francken Sierstorpffius, Henricus
|4 pbl
|
| 700 |
1 |
|
|a Coscanus, Oswaldus
|4 pbl
|
| 903 |
|
|
|a RP
|
| 910 |
|
|
|a BOA001
|b ST2-1257.115,1
|
| 978 |
|
|
|b Kinckius, Johann
|a Köln a.R.
|c 1646
|
| 984 |
|
|
|a Kolín nad Rýnem
|b Německo
|
| 985 |
|
|
|a 1601-1650
|
| 990 |
|
|
|a BK
|
| 993 |
|
|
|a Y
|
| 991 |
|
|
|k mzk
|
| 996 |
6 |
|
|b 2610466911
|c ST2-1257.115,1
|l stud. ST
|r Sklad / do násl. otevíracího dne
|n 0
|w 001165990
|u 000010
|a 1
|e BOA001
|s P
|
| 994 |
|
|
|a DN
|l MZK03
|b 001085479
|m záznam 1. díla (pro objednání pokračujte kliknutím)
|n přívazek
|